Normal view
MARC view
- Supervisor Dr. Shahid Iqbal
Entry Personal Name
001 - CONTROL NUMBER
- control field: 20110
003 - CONTROL NUMBER IDENTIFIER
- control field: NUST
005 - DATE AND TIME OF LATEST TRANSACTION
- control field: 20190907160523.0
008 - FIXED-LENGTH DATA ELEMENTS
- fixed length control field: 190907|| aca||aabn | a|a d
040 ## - CATALOGING SOURCE
- Original cataloging agency: NUST
- Transcribing agency: NUST
100 ## - HEADING--PERSONAL NAME
- Personal name: Supervisor Dr. Shahid Iqbal
670 ## - SOURCE DATA FOUND
- Source citation: Work cat.: (NUST): Yousaf, Iqra 20109, On the measures of wave packet revivals and fractional revivals /, 2016.
